Al Ahly Vs Zamalek Best XI - Statistics

General Stats
  • This quiz has been taken 8 times
  • The average score is 9 of 22
Answer Stats
Hint Answer % Correct
GK(1996-2008 Essam El Hadary
86%
DF(2001-14 Wael Gomaa
71%
MF(2003-20 Hossam Ashour
57%
FW(1984~2000 Hossam Hassan
57%
FW(1972-88 Mahmoud El Khatib
57%
FW(2002~25 Shikabala
57%
GK(1997-2014 Abdel-Wahed El-Sayed
43%
DF(2007~20 Ahmed Fathy
43%
FW(2003-18 Emad Moteab
43%
DF(2008~22 Hazem Emam
43%
MF(1995-2008 Tarek El-Sayed
43%
FW(1999-2009 Abdel Halim Ali
29%
DF(1997~2008 Besheer El-Tabei
29%
FW(1967~ Hassan Shehata
29%
DF(2007-2014 Mahmoud Fathalla
29%
DF(2014- Mohamed Hany
29%
DF(1999-2009 Shady Mohamed
29%
MF(2014-22 Tarek Hamed
29%
MF(1982-99 Hady Khashaba
14%
MF(1991-2006 Hady Khashabaa
14%
MF(1997-2009 Mohamed Aboul Ela
14%
DF(1999~2007 Wael El-Quabbani
14%
No matching quizzes found
Score Distribution
Percent of People with Each Score
Percentile by Number Answered
Your Score History
You have not taken this quiz